000
00299nam a2200109Ia 4500
008
230907s9999||||xx |||||||||||||| ||und||
082
_a
620.14,CER
245
0
_a
Ceramics in nuclear and alternative energy applications/
260
_a
John Wiley
_b
New York
_c
2007
300
_a
x, 179 p.:
942
_c
BK
999
_c
597844
_d
597844